Family Guy Film Parodies II Quiz Stats

 Plays Quiz Updated Mar 18, 2019

Score 0/24 Timer 08:00
2 Plays Today
% Correct
Jaws
93.6%
Dirty Dancing (Star Wars Episode IV: A New Hope)
91.8%
Ice Age
82.9%
Grease
82.5%
The Wizard of Oz (Bewitched)
79.2%
The Terminator (King Kong)
79%
Back to the Future
74.3%
Ghostbusters (Ghost)
72.3%
Jurassic Park
71.2%
E.T.: The Extra-Terrestrial
70.6%
Top Gun
65.3%
The Passion of the Christ
62.3%
% Correct
Stand By Me
59.9%
Indiana Jones and the Temple of Doom
47.1%
Misery
46%
The Lord of the Rings
45.7%
Ferris Bueller's Day Off
45.4%
The Ring
42.9%
The Breakfast Club
42.1%
Robocop
35.5%
Die Hard
22.5%
Spies Like Us
20.2%
Little Shop of Horrors
19.7%
Monty Python's the Meaning of Life
10.2%

You're not logged in!

Compare scores with friends on all Sporcle quizzes.
OR
Log In

Show Comments

Extras

Top Quizzes Today


Score Distribution

Your Account Isn't Verified!

In order to create a playlist on Sporcle, you need to verify the email address you used during registration. Go to your Sporcle Settings to finish the process.

Report this User

Report this user for behavior that violates our Community Guidelines.

Details: